000 00863nam a2200205 i 4500
001 139026
003 ES-MaACL
005 20250821111910.0
007 t|
008 070214s1909 sp |||| | spa d
100 1 _aSaralegui y Medina, Manuel de.
_9103752
245 1 0 _aMemoria leída en el solemne reparto de premios a la virtud celebrada por la Real Sociedad Económica Matritense de Amigos del País, el día 6 de junio de 1909 /
_cManuel de Saralegui y Medina.
260 _aMadrid :
_bR. Velasco,
_c1909.
300 _a29 p. ;
_c19 cm.
505 8 _aContiene: Martínez Kleiser, Luis. Un alma. (Poesía). Cerralbo, Marqués de (Poesías)
594 _aPrecede al tít.: Real Sociedad Económica Matritense de Amigos del País.
700 1 _aMartínez Kleiser, Luis,
_d1883-1971
_978166
852 _aES-MaACL
_jT-1195-F-5
999 _c139026
_d139026